| 000 | 00443nam a22001697a 4500 | ||
|---|---|---|---|
| 020 | _a9780073529325 | ||
| 082 | _a621.4021 CEN | ||
| 100 | _aÇengel, Yunus A. | ||
| 245 | _aThermodynamics : an engineering approach | ||
| 250 | _a7th | ||
| 260 |
_aNew York _bMcGraw-Hill _c2011 |
||
| 300 | _axxiv, 978 p. | ||
| 500 | _aIncludes bibliographical references and index. | ||
| 650 | _aThermodynamics. | ||
| 700 | _aMichael A. Boles | ||
| 942 | _cBK | ||
| 999 |
_c13526 _d13526 |
||